000 00342nam a2200133Ia 4500
008 240624s9999 xx 000 0 und d
041 _aeng
082 _a306.4613 PAT
100 _aPATZER GORDON L
245 _aLOOKS WHY THEY MATTER MORE THAN YOU EVER
260 _c2008
_aNew York
_bAMACOM
300 _a282 : p. : cm. ; 23
365 _c
_b28
999 _c22059
_d22059